Bytový dom

Enregistré dans:
Détails bibliographiques
Auteur principal: Lešková, Monika (Auteur)
Autres auteurs: Tomašovič, Peter (Directeur de thèse)
Format: Manuscrit Livre
Langue:slovaque
Publié: 2015
Sujets:
Accès en ligne:http://is.stuba.sk/zp/portal_zp.pl?podrobnosti=90714
https://opac.crzp.sk/?fn=detailBiblioForm&sid=FF44C990A7CA883E4E8750929FD7
Tags: Ajouter un tag
Pas de tags, Soyez le premier à ajouter un tag!

MARC

LEADER 00000ntm a22000003a 4500
001 stuzp51451
003 SK-STU
005 20230815143413.6
007 ta
008 150427s2015----xo-----f-mn---000-0-slo-d
040 |a STU  |b slo 
041 0 |a slo 
100 1 |a Lešková, Monika  |u 010180  |4 aut  |U SvF Stavebná fakulta  |T SvF Katedra konštrukcií pozemných stavieb  |X 41931  |U V180  |Y 18  |7 41931 
242 0 1 |a Residential building  |y eng 
245 1 0 |a Bytový dom 
260 |c 2015 
650 4 |a bytový dom  |2 slo 
650 4 |a realizačný projekt  |2 slo 
650 4 |a výkresy realizačnej dokumentácie  |2 slo 
650 4 |a tepelnotechnické posúdenie  |2 slo 
650 4 |a residential building  |2 eng 
650 4 |a solution of implementation project  |2 eng 
650 4 |a thermo-technical expertise  |2 eng 
700 1 |a Tomašovič, Peter  |4 ths  |X 657  |7 A000000657 
856 4 |u http://is.stuba.sk/zp/portal_zp.pl?podrobnosti=90714 
856 4 |u https://opac.crzp.sk/?fn=detailBiblioForm&sid=FF44C990A7CA883E4E8750929FD7 
SQL |a stuzp51451  |b DBP  |c SLO  |d Bytový dom  |e 41931  |f Lešková, Monika  |g 010180  |h 657  |i Tomašovič, Peter  |j 20150623  |k 4  |l 01  |m http://is.stuba.sk/zp/portal_zp.pl?podrobnosti=90714  |n B-PSA  |o 5.1.4. pozemné stavby, 5.1.1. architektúra a urbanizmus